Costa Rica : (Record no. 6604)

MARC details
000 -LEADER
campo de control de longitud fija 00383nam a2200133Ia 4500
005 - FECHA Y HORA DE LA ÚLTIMA TRANSACCIÓN
campo de control 20260326100031.0
008 - DATOS DE LONGITUD FIJA--INFORMACIÓN GENERAL
campo de control de longitud fija 260326s9999||||xx |||||||||||||| ||und||
100 ## - ENTRADA PRINCIPAL--NOMBRE DE PERSONA
Nombre de persona Moré, Gustavo Luis
245 #0 - MENCIÓN DEL TÍTULO
Título Costa Rica :
Resto del título La Arquitectura prodigiosa de lo Verde /
Mención de responsabilidad, etc. Gustavo Luis Moré
260 ## - PUBLICACIÓN, DISTRIBUCIÓN, ETC.
Nombre del editor, distribuidor, etc. Archivos de Arquitectura Antillana
300 ## - DESCRIPCIÓN FÍSICA
Extensión 263 p.
650 ## - PUNTO DE ACCESO ADICIONAL DE MATERIA--TÉRMINO DE MATERIA
Término de materia o nombre geográfico como elemento de entrada COSTA RICA
942 ## - ELEMENTOS DE ENTRADA SECUNDARIOS (KOHA)
Tipo de ítem Koha Libros
Holdings
Estatus retirado Estado de pérdida Estado de daño No para préstamo Colección Biblioteca de origen Biblioteca actual Ubicación en estantería Fecha de adquisición Fuente de adquisición Número de inventario Total de préstamos Signatura topográfica completa Código de barras Visto por última vez Precio de reemplazo Tipo de ítem Koha
        General Biblioteca Gonzalo Peláez Caldas Biblioteca Gonzalo Peláez Caldas Colección general 26/03/2026 Compra 350   720.62 M 79 350 26/03/2026 26/03/2026 Libros